00910nam a2200217 a 450000100100000000500170001000800410002702000150006804000250008310000590010824501020016726000650026930000210033449000300035550000210038550000730040671000540047983000370053395201050057099900170067500003920320201002031537.0130611s1999 sp 000 0 spa d a8400079833 aDO-SdBNPbspacBNPHU1 aRodríguez Sánchez de León, María José96539013aLa crítica dramática en España 1789-1833 /cMaría José Rodríguez Sánchez de León. aMadrid :bInstituto de la Lengua Española del CSIC,c1999. a380 p. ;c24 cm.1 aRevista de Literaturav49 aIncluye índice aIncluye referencias bibliográficas y notas al pie de las páginas2 aInstituto de la Lengua Española del CSIC965391 0aRevista de Literaturav49965392 001050718MOaGRbGRcCTd2013-06-11iLF1l0o p39203-10r2020-06-25w2020-06-25y1ZNo se presta c38693d38693